<?xml version="1.0" encoding="UTF-8"?>
<record
    xmlns:xsi="http://www.w3.org/2001/XMLSchema-instance"
    xsi:schemaLocation="http://www.loc.gov/MARC21/slim http://www.loc.gov/standards/marcxml/schema/MARC21slim.xsd"
    xmlns="http://www.loc.gov/MARC21/slim">

  <leader>00960nam a2200217 i 4500</leader>
  <controlfield tag="001">110817</controlfield>
  <controlfield tag="003">ES-MaACL</controlfield>
  <controlfield tag="005">20260127062536.0</controlfield>
  <controlfield tag="007">t|</controlfield>
  <controlfield tag="008">070130s1923    sp           ||||1| spa d</controlfield>
  <datafield tag="100" ind1="1" ind2=" ">
    <subfield code="a">Bull&#xF3;n y Fern&#xE1;ndez, Eloy,</subfield>
    <subfield code="c">Marqu&#xE9;s de Selva Alegre,</subfield>
    <subfield code="d">1879-1957</subfield>
    <subfield code="9">32523</subfield>
  </datafield>
  <datafield tag="245" ind1="1" ind2="0">
    <subfield code="a">Formaci&#xF3;n de la unidad italiana </subfield>
    <subfield code="b">: Lecci&#xF3;n inaugural del curso de 1923 a 24 explicada el d&#xED;a 7 de noviembre de 1923 / </subfield>
    <subfield code="c">por Eloy Bull&#xF3;n y Fern&#xE1;ndez.</subfield>
  </datafield>
  <datafield tag="260" ind1=" " ind2=" ">
    <subfield code="a">Madrid : </subfield>
    <subfield code="b">[s.n.], </subfield>
    <subfield code="c">1923 (</subfield>
    <subfield code="f">Imp. y Lit. Rodr&#xED;guez de LLano)</subfield>
  </datafield>
  <datafield tag="300" ind1=" " ind2=" ">
    <subfield code="a">60 p. ; </subfield>
    <subfield code="c">18 cm.</subfield>
  </datafield>
  <datafield tag="490" ind1="1" ind2=" ">
    <subfield code="a">Publicaciones de la Real Academia de Jurisprudencia y Legislaci&#xF3;n ;</subfield>
    <subfield code="v">68</subfield>
  </datafield>
  <datafield tag="651" ind1=" " ind2="4">
    <subfield code="a">Italia-</subfield>
    <subfield code="x">Historia-</subfield>
    <subfield code="y">1849-1870.</subfield>
    <subfield code="9">8869</subfield>
  </datafield>
  <datafield tag="700" ind1=" " ind2=" ">
    <subfield code="a">Real Academia de Jurisprudencia y Legislaci&#xF3;n de Espa&#xF1;a</subfield>
    <subfield code="9">217612</subfield>
  </datafield>
  <datafield tag="830" ind1="0" ind2=" ">
    <subfield code="a">Publicaciones de la Real Academia de Jurisprudencia y Legislaci&#xF3;n ;</subfield>
    <subfield code="v">68</subfield>
    <subfield code="9">180630</subfield>
  </datafield>
  <datafield tag="852" ind1=" " ind2=" ">
    <subfield code="a">ES-MaACL</subfield>
    <subfield code="j">L-5235</subfield>
  </datafield>
  <datafield tag="999" ind1=" " ind2=" ">
    <subfield code="c">110817</subfield>
    <subfield code="d">110817</subfield>
  </datafield>
  <datafield tag="952" ind1=" " ind2=" ">
    <subfield code="0">0</subfield>
    <subfield code="1">0</subfield>
    <subfield code="4">0</subfield>
    <subfield code="7">0</subfield>
    <subfield code="a">ATENEOM</subfield>
    <subfield code="b">ATENEOM</subfield>
    <subfield code="c">DEPO2</subfield>
    <subfield code="d">2008-01-17</subfield>
    <subfield code="e">SC</subfield>
    <subfield code="l">0</subfield>
    <subfield code="o">L-5235</subfield>
    <subfield code="p">1115623</subfield>
    <subfield code="r">2023-02-23 00:00:00</subfield>
    <subfield code="w">2023-02-23</subfield>
    <subfield code="y">MONOGRAFIA</subfield>
  </datafield>
</record>
